| 000 | 00673nam a22002057a 4500 | ||
|---|---|---|---|
| 999 |
_c14144 _d14144 |
||
| 003 | MIRAKIL | ||
| 005 | 20201104132804.0 | ||
| 008 | 201104b tu ||||| |||| 00| 0 tur d | ||
| 040 |
_aTR-AnCHP _btur _cTR-AnCHP |
||
| 082 |
_aATA 923.1024092 _bB69a 1977 |
||
| 100 | _aBozdağ, İsmet | ||
| 245 |
_aAtatürk ve eşi Latife Hanım / _cİsmet Bozdağ. |
||
| 260 |
_aİstanbul : _bKervan Yayınları, _c1977. |
||
| 300 |
_a272 s.: _c19 sm. |
||
| 504 | _aKaynakça vardır. | ||
| 600 |
_aLatife Hanım, 1898-1975 _xYaşamöyküsü |
||
| 600 |
_aAtatürk, Mustafa Kemal _d1881- 1938 _xYaşamöyküsü |
||
| 600 |
_aAtatürk, Mustafa Kemal _d1881-1938 _xAile |
||
| 942 |
_2ddc _cBKS |
||